Statistiques concernant All Slipknot Songs

Cliquez ici pour prendre le quiz!

Statistiques générales

  • Ce quiz a été pris 86 fois
  • Le résultat moyen est 38 sur 108

Statistiques - réponses

SONGS% Correct
Duality
87%
Psychosocial
87%
Custer
78%
People = Shit
78%
Wait and Bleed
74%
Eyeless
72%
(sic)
72%
Snuff
72%
The Devil in I
72%
Unsainted
72%
Before I Forget
67%
Vermillion
65%
Disasterpiece
61%
Spit It Out
61%
Nero Forte
59%
The Heretic Anthem
57%
Dead Memories
54%
Left Behind
54%
The Dying Song (Time To Sing)
54%
Iowa
52%
Surfacing
52%
All Hope Is Gone
48%
Sulfur
48%
Killpop
46%
Vermillion, Pt. 2
46%
Vendetta
41%
Purity
39%
Solway Firth
39%
Yen
39%
All Out Life
37%
Critical Darling
37%
Hive Mind
37%
My Plague
37%
Orphan
37%
Pulse of the Maggots
37%
Spiders
37%
Liberate
35%
'Til We Die
35%
(515)
33%
Birth Of The Cruel
33%
Everything Ends
33%
Get This
33%
Red Flag
33%
Scissors
33%
The Blister Exists
33%
The Chapeltown Rag
33%
The Shape
33%
Diluted
30%
Gently
30%
Medicine for the Dead
30%
Sarcastrophe
30%
Tattered & Torn
30%
The Nameless
30%
Adderall
28%
A Liar's Funeral
28%
I Am Hated
28%
Insert Coin
28%
Metabolic
28%
Nomadic
28%
Skeptic
28%
Three Nil
28%
AOV
26%
Eeyore
26%
.execute.
26%
Gehenna
26%
Gematria (The Killing Name)
26%
Goodbye
26%
Me Inside
26%
New Abortion
26%
No Life
26%
Opium of the People
26%
Skin Ticket
26%
Warranty
26%
742617000027
24%
Butcher's Hook
24%
Death Because of Death
24%
Heirloom
24%
Not Long for This World
24%
Only One
24%
Prosthetics
24%
Scream
24%
The Negative One
24%
Welcome
24%
Circle
22%
Finale
22%
H377
22%
If Rain Is What You Want
22%
My Pain
22%
Override
22%
Snap
22%
This Cold Black
22%
XIX
22%
Be Prepared for Hell
20%
Child of Burning Time
20%
Danger Keep Away
20%
Lech
20%
The Burden
20%
The One That Kills the Least
20%
The Virus of Life
20%
What's Next
20%
Wherein Lies Continue
20%
Acidic
17%
De Sade
17%
Don't Get Close
17%
Prelude 3.0
17%
Despise
15%
Interloper
15%
Bone Church
13%

Distribution des résultats

Percentile par nombre de réponses

% des personnes avec chaque résultat

Votre développement - résultats

Vous n’avez pas pris ce quiz